Normal view
MARC view
- Burton, Isabel
Entry Personal Name
001 - CONTROL NUMBER
- control field: 49247
003 - CONTROL NUMBER IDENTIFIER
- control field: NUST
005 - DATE AND TIME OF LATEST TRANSACTION
- control field: 20210314134305.0
008 - FIXED-LENGTH DATA ELEMENTS
- fixed length control field: 210314|| aca||aabn | a|a d
040 ## - CATALOGING SOURCE
- Original cataloging agency: NUST
- Transcribing agency: NUST
100 ## - HEADING--PERSONAL NAME
- Personal name: Burton, Isabel
670 ## - SOURCE DATA FOUND
- Source citation: Work cat.: (NUST): Burton, Isabel,, The life of Captain Sir Richd F. Burton., [1973]
